000
00203 a2200109 4500
020
_a
9781558854529
041
_a
eng
100
_a
Nina Jaffe
245
_a
The golden flower
942
_c
BK
952
_7
1
999
_c
18757
_d
18757